000 00617cam a22002292 4500
999 _c18482
_d18482
001 0000004018
003 OSt
005 20200914105122.0
008 070517s xx 000 0 eng d
020 _a9352607996
040 _aKABU
_cKABU
050 0 _aQA76.64
_b.B35 2018 c.1
100 1 _aBalagurusamy, E.
245 1 0 _aObject oriented programming with C++.
250 _a37th ed.
260 _aNew Delhi :
_bTata McGraw-Hill,
_c2018.
300 _axvii, 558p.
650 0 _aObject-oriented programming.
908 _a070517
942 _2lcc
_cBK